000 00458ntaaa2200181 4500
003 01
005 20251027202711.0
008 0714s1973 ag 01
040 _aAR-BaBN
_bspa
_cAR-BaBN
_eaacr
_dRIC
082 _a500.0000 H18
100 _aHammerly Dupuy, Daniel
_99490
245 _aDescubrimientos orientadores
250 _a1 ed.
260 _aBuenos Aires :
_bCasa Editora Sudamericana,
_c1960
300 _a248 p
500 _aAdventista
942 _cBK
999 _c22172
_d22172